000 00736nam a22002297a 4500
005 20170124105938.0
010 _aA-0298425
020 _c00.00
035 _aA-0298425
037 _bCen Lib/Ret
040 _aDPL
_bEN
082 _a328.340954
_bGUP
100 _aGupta, Sat Pal
_910436
245 _aConstituent power of the indian parliament :
_cby Sat Pal Gupta
_ba politico-legal analysis /
260 _aNew Delhi
_bAnmol Publications
_c1987
270 _bNew Delhi
_a20, layalpur
_e110051
300 _axvi, 168p.
_c21cm(Hb)
500 _aIncludes bibliographical references and index
650 _aLegal perception
_910437
650 _aJudicial review
_910438
942 _2ddc
_cEN
_h328.340954
_mGUP
999 _c124347
_d124347